| 000 | 02601nam0a2200385 4500 | ||
|---|---|---|---|
| 001 | RU\NLR\BIBL_A\012701211 | ||
| 005 | 20220404163521.0 | ||
| 010 |
_a978-5-7367-1637-1 _9500 |
||
| 021 |
_aRU _bКН-П-21-069430 _9КН-П-21-5501 |
||
| 035 | _a(NLR Aleph) 012701211 | ||
| 035 | _a(RuMoRGB)010830508 | ||
| 090 |
_a12878980 _c12878980 |
||
| 100 | _a20220203d2021 u y0rusy50 ca | ||
| 101 | 0 |
_arus _deng |
|
| 102 | _aRU | ||
| 105 | _aab||z||||||z| | ||
| 181 | 1 |
_ai3 _b e |
|
| 182 | 1 | _an | |
| 200 | 1 |
_aЦифровые технологии в землепользовании и землеустройстве _eаналитический обзор _fБуклагин Д. С., Мишуров Н. П., Труфляк Е. В _gМинистерство сельского хозяйства Российской Федерации, Федеральное государственное бюджетное научное учреждение "Российский научно-исследовательский институт информации и технико-экономических исследований по инженерно-техническому обеспечению агропромышленного комплекса" (ФГБНУ "Росинформагротех") |
|
| 203 |
_aТекст _bвизуальный _cнепосредственный |
||
| 210 |
_aМосква _cФГБНУ "Росинформагротех" _d2021 |
||
| 215 |
_a95 с. _cцв. ил., карт. _d20 |
||
| 300 | _aАвт. указаны в макете аннотированной карточки | ||
| 300 | _aРез. англ. | ||
| 320 | _aБиблиогр.: с. 88-94 (80 назв.) | ||
| 606 | 1 |
_aЗемлепользование _91111367 _3RU\NLR\AUTH\66439074 |
|
| 686 | 1 | _aУ32(0)-54 | |
| 700 | 1 |
_7ca _8rus _aБуклагин _bД. С. _gДмитрий Саввич _957578 _3RU\NLR\AUTH\7774650 |
|
| 701 | 1 |
_aМишуров _bН. П. _f1956- _gНиколай Петрович |
|
| 701 | 1 |
_aТруфляк _bЕ. В. _cд-р техн. наук _gЕвгений Владимирович _9227589 _3RU\NLR\AUTH\770227645 |
|
| 712 | 0 | 2 |
_4475 _aРоссийский НИИ информации и технико-экономических исследований по инженерно-техническому обеспечению агропромышленного комплекса _cпос. Правдинский, Московская обл. _9327418 _3RU\NLR\AUTH\8826104 |
| 942 | _cBOOK | ||
| 980 | _aNB | ||